<?xml version="1.0" encoding="UTF-8"?>
<collection xmlns:xsi="http://www.w3.org/2001/XMLSchema-instance" xsi:schemaLocation="http://www.loc.gov/MARC21/slim http://www.loc.gov/standards/marcxml/schema/MARC21slim.xsd" xmlns="http://www.loc.gov/MARC21/slim">
 <record>
  <leader>00000cab a22000004cb4500</leader>
  <controlfield tag="001">IPP-00000243941</controlfield>
  <controlfield tag="003">IPP</controlfield>
  <controlfield tag="005">20180223180829.0</controlfield>
  <controlfield tag="008">180223s2005    xx     d | ||r |||||eng||</controlfield>
  <datafield tag="041" ind1="#" ind2="#">
   <subfield code="a">eng</subfield>
  </datafield>
  <datafield tag="100" ind1="1" ind2="#">
   <subfield code="a">Ricote, Eleazar E.</subfield>
  </datafield>
  <datafield tag="245" ind1="1" ind2="0">
   <subfield code="a">Indigenization as 'refounding&quot; Philippine public administration and governance</subfield>
  </datafield>
  <datafield tag="264" ind1="#" ind2="1">
   <subfield code="c">2005</subfield>
  </datafield>
  <datafield tag="520" ind1="#" ind2="#">
   <subfield code="a">Public Administration (PA) in the Philippines is eclectic and multidisciplinary in nature. It is being shaped by three major institutions: education, politics and government. The call for its indigenization grew out of the inability of Public Administration as a discipline to describe and explain challenges in public service delivery. Its thrust is the proper contextualization of democracy, the same element of the Refounding movement - directed towards the legitimization of the roles of public administration. It entails modification and/or deconstruction of the bureaucracy superseded by accountability and citizenship. Indigenization of Philippine Public Administration could be achieved through harnessing and operationalizing Filipino values in the practice of Public Administration and by discarding western influences.</subfield>
  </datafield>
  <datafield tag="650" ind1="1" ind2="0">
   <subfield code="a">Blacksburg Manifesto</subfield>
  </datafield>
  <datafield tag="650" ind1="2" ind2="0">
   <subfield code="a">Indigenization</subfield>
  </datafield>
  <datafield tag="650" ind1="2" ind2="0">
   <subfield code="a">Public administration</subfield>
  </datafield>
  <datafield tag="650" ind1="2" ind2="0">
   <subfield code="a">Refounding Movement</subfield>
  </datafield>
  <datafield tag="773" ind1="0" ind2="#">
   <subfield code="t">Philippine Journal of Public Administration</subfield>
   <subfield code="g">Vol. XLIX, no. 3-4 (Jul. 2005 - Oct. 2005), 264-278</subfield>
  </datafield>
  <datafield tag="852" ind1="#" ind2="#">
   <subfield code="a">UPD</subfield>
   <subfield code="b">DCPA</subfield>
  </datafield>
  <datafield tag="942" ind1="#" ind2="#">
   <subfield code="a">Article</subfield>
  </datafield>
  <datafield tag="950" ind1="#" ind2="#">
   <subfield code="a">FI</subfield>
  </datafield>
 </record>
</collection>
